Assamese grammar and origin of the assamese language (Record no. 2417)

MARC details
000 -LEADER
fixed length control field 00544cam a2200193ua 4500
008 - FIXED-LENGTH DATA ELEMENTS--GENERAL INFORMATION
fixed length control field 110829n ii |||gr||||Z||||||asm
040 ## - CATALOGING SOURCE
Transcribing agency MAIN
082 ## - DEWEY DECIMAL CLASSIFICATION NUMBER
Classification number 491.4515
100 ## - MAIN ENTRY--PERSONAL NAME
Personal name Medhi, Kaliram,
Relator term
245 11 - TITLE STATEMENT
Title Assamese grammar and origin of the assamese language
Statement of responsibility, etc. by Kaliram Medhi
250 ## - EDITION STATEMENT
Edition statement 1st.
260 ## - PUBLICATION, DISTRIBUTION, ETC.
Place of publication, distribution, etc. Guahati:
Name of publisher, distributor, etc. Publication board assam,988.
300 ## - PHYSICAL DESCRIPTION
Extent 97p:
Dimensions 23cm.
942 ## - ADDED ENTRY ELEMENTS (KOHA)
Koha item type Books
653 ## - INDEX TERM--UNCONTROLLED
Uncontrolled term Assamese grammar
653 ## - INDEX TERM--UNCONTROLLED
Uncontrolled term Grammar
653 ## - INDEX TERM--UNCONTROLLED
Uncontrolled term Assamese grammar and origin of the assamese language
Holdings
Withdrawn status Lost status Damaged status Not for loan Home library Current library Shelving location Date acquired Total Checkouts Full call number Barcode Date last seen Copy number Price effective from Koha item type
        Central Library, Naharkatiya College Central Library, Naharkatiya College General Stacks 19/09/2020   491.4515 | MED 10676 19/09/2020 1 19/09/2020 Books

Naharkatiya College © 2020. All rights reserved.

Powered By